Govt. of
Madhya Pradesh

Bibhutibhushan Bandyopadhyay The Mountain of The Moon (Record no. 63672)

MARC details
000 -LEADER
fixed length control field 00291nam a22001097a 4500
082 ## - DEWEY DECIMAL CLASSIFICATION NUMBER
Classification number 823/ROY
100 ## - MAIN ENTRY--AUTHOR NAME
Personal name Roy, Bhaskar
245 ## - TITLE STATEMENT
Title Bibhutibhushan Bandyopadhyay The Mountain of The Moon
260 ## - PUBLICATION, DISTRIBUTION, ETC. (IMPRINT)
Place of publication Kolkata
Name of publisher Institute of Social
Year of publication 2017
650 ## - SUBJECT ADDED ENTRY--TOPICAL TERM
Topical Term Stories
942 ## - ADDED ENTRY ELEMENTS (KOHA)
Koha item type Books
Holdings
Withdrawn status Lost status Damaged status Not for loan Home library Current library Date acquired Cost, normal purchase price Full call number Accession Number Price effective from Koha item type
        MACL MACL 16/10/2020 150.00 823/ROY CRE037459 16/10/2020 Books